000 00742nas a2200253 4500
001 BR5000089
003 BR-BrBNA
005 20231205081920.0
007 ta
008 230509b bl.|||p| |||| 00| 00por d
040 _aBR-BrBNA
_bpor
_cBiblioteca Nacional de Agricultura
041 _a(Pt)
072 _aK10; F21
100 1 _aMilanez, F.R.
100 1 _aMonteiro Neto, H.
245 1 _aNota previa sobre a micorriza do pinho do Parana [Araucaria angustifolia; Brasil]
650 _aPINHEIRO-DO-PARANA
650 _aMICORRIZA
650 _aMADEIRA
650 _aPARANÁ
773 0 _tArquivos do Servico Florestal (Brazil)
_x
_g(1950), v. 4 p. 87-93
_wBR5000089
909 _a202311
_bLúcia
_c55
_dLúcia Elande
942 _2AGRIS
_n0
_cANA
999 _c87791
_d87791